000 00503nam a2200193Ia 4500
008 101110s9999 xx 000 0 und d
041 _aENGLISH
082 _bSR22856
100 _aKshnadwala V.H.
245 _aBook-Keeping and Accountancy ( S.Y.B.A.)
365 _b75
520 _aEnglish
546 _aENGLISH
630 _aBook-Keeping and Accountancy ( S.Y.B.A.)
650 _aEnglish
655 _aEnglish
730 _aBook-Keeping and Accountancy ( S.Y.B.A.)
942 _cBOOK
999 _c815587
_d815584